Jackboys - Travis Scott Tracklist - Statistics

General Stats
  • This quiz has been taken 29 times
  • The average score is 5 of 7
Answer Stats
Features Answer % Correct
ft. Young Thug OUT WEST
94%
ft. Pop Smoke GATTI
83%
ft. Lil Baby, ROSALIA HIGHEST IN THE ROOM (REMIX)
83%
ft. Don Toliver, Sheck Wes GANG GANG
78%
JACKBOYS
72%
Don Toliver, Quavo, Offset HAD ENOUGH
67%
ft. Don Toliver WHAT TO DO
67%
No matching quizzes found
Score Distribution
Percent of People with Each Score
Percentile by Number Answered
Your Score History
You have not taken this quiz